Statistics for Characters in Greek Mythology

Click here to take the quiz!

General Stats

  • This quiz has been taken 126 times
  • The average score is 19 of 28

Answer Stats

Hint Answer % Correct
God of the underworldHades
99%
Ruler of Mount OlympusZeus
99%
God of the seaPoseidon
97%
Goddess of love, beauty and romanceAphrodite
94%
God of war, ironically a coward, hated by both parents, Zeus and HeraAres
94%
Wife and sister of the aforementionedHera
93%
Messenger of the gods, master theifHermes
92%
Goddess of war, cleverness and witAthena
91%
Son of Zeus and Leto, God of light and thrithApollo
88%
Beautiful huntress goddessArtemis
85%
Wife of the aforementionedPersephone
84%
One of the 3 gorgons, snakes for hair, evilMedusa
84%
Son of Zeus, did 12 laboursHercules
83%
God of wineDionysus
80%
Opened a box entrusted to her by the godsPandora
79%
God of LoveEros
78%
Ultimate hero who only had one fatal flawAchilles
78%
Ruler of the TitansCronos
72%
Smith of the gods, kind, generous and good-naturedHephaestus
69%
Lives on earth, Goddess of cornDemeter
67%
Half man, half beastThe Minotaur
58%
Name one of the 3 Titans not imprisoned by ZeusAtlas
46%
The first being to emerge in the universeGaea
31%
3 sisters who rule above both gods and menThe Fates
20%
Her kidnapping causes the Trojan WarHelena
20%
Husband of the aforementionedOuranos
19%
3 sisters who torment wrongdoersThe Furies
14%
The original godsThe Titans
6%

Score Distribution

Percentile by Number Answered

Percent of People with Each Score

Your Score History

You have not taken this quiz